000 00435nam a2200181Ia 4500
001 20567
005 20260306172815.0
008 260306t2004||||xx |||||||||||||| ||spa||
041 _aESP
082 _a343.4
_bL22
100 _aLanda Arroyo, César
_eAUT
245 0 _aModelo de jurisdicción constitucional
260 _c2004
300 _a57 páginas :
_c20 cm.
650 _aGEN
654 _aCDE
942 _cLIB
_dJUS
_fJUS
_2ddc
_n
999 _c20567
_d20567